00824 2200205 4500001002100000005001500021035002000036245004800056100001900104250001700123300003400140260003600174082001000210084001600220020002200236650001400258520028900272008004100561990001600602INLIS00000000000037520240821091033 a0010-06240000841 aAir Mata Sang Pohon Purba /cNaning Pranoto0 aNaning Pranoto acetakan ke-3 aviii, 60 hlm :bilus ;c21 cm aJakarta :bBalai Pustaka,c2007 a398.2 a398.2 NAN a a978-979-666-184-5 4aBuku Anak aDiantara jutaan jenis pohon dihutan itu, ada sang pohon purba dan keluarganya. sang pohon purba telah tumbuh perkasa sejak ratusan tahun yang lalu. karena usia dan pengalamannya, ia diangkat sebagai tetua hutan tersebut. setiap makhluk yang memasuki hutan harus mendapat izin darinya.240821 0  a00000000892